Jumbled words (Video Games) - Statistics

General Stats
  • This quiz has been taken 248 times
  • The average score is 13 of 22
Answer Stats
Jumbled word Answer % Correct
2 lcal fo tudy Call of Duty
96%
12 craftmine Minecraft
93%
1 lhoa Halo
87%
18 nampac PacMan
85%
3 lfha ifel Half Life
78%
9 snasissas derec Assassins Creed
77%
16 krad slous Dark Souls
77%
10 ryfarc FarCry
77%
20 toufall Fallout
75%
6 liilngk roflo Killing Floor
68%
5 roima Mario
66%
11 miryks Skyrim
65%
19 dnarg ftthe oaut Grand Theft Auto
59%
14 amx ynpea Max Payne
58%
4 felditlteba Battlefield
53%
22 larrom mbatok Mortal Kombat
51%
17 bbooornel BloodBorne
27%
21 yindets Destiny
26%
8 het etsyacndi The Syndicate
24%
15 niiavlbo Oblivian
19%
13 rrraaite Terraria
18%
7 peprytto Prototype
8%
No matching quizzes found
Score Distribution
Percent of People with Each Score
Percentile by Number Answered
Your Score History
You have not taken this quiz